| 000 | 00696cam a22002531 4500 | ||
|---|---|---|---|
| 001 | 5888398 | ||
| 003 | Nust | ||
| 005 | 20220831092831.0 | ||
| 008 | 750512s1912 nyu 000 1 eng | ||
| 010 | _a 12002928 | ||
| 020 |
_a0140622012 _cRs. 612 |
||
| 035 | _a(OCoLC)1327128 | ||
| 038 | _aArshad | ||
| 040 |
_aDLC _cOKentU _dOCoLC _dDLC |
||
| 042 | _apremarc | ||
| 050 | 0 | 0 |
_aPZ10.3.A879 _bGr |
| 082 |
_a823 _bATK |
||
| 100 | 1 |
_aAtkinson, Eleanor, _d1863-1942. _911634 |
|
| 245 | 1 | 0 |
_aGreyfriars Bobby, _cEleanor Atkinson. |
| 260 |
_aNew York, _aLondon, _bHarper & Brothers, _c1940. |
||
| 300 |
_a218p. _c20 cm. |
||
| 906 |
_a7 _bcbc _coclcrpl _du _encip _f19 _gy-gencatlg |
||
| 942 |
_2ddc _cBK |
||
| 999 |
_c173069 _d173069 |
||